| 000 | 00902nam a2200217 a 4500 | ||
|---|---|---|---|
| 001 | 49405 | ||
| 003 | BD-RjUL | ||
| 005 | 20211209054657.0 | ||
| 008 | 160820s1961 ii |||| ||| 000 0 ben d | ||
| 035 | _a(BD-RjUL) | ||
| 040 |
_aBD-RjUL _bben _cBD-RjUL _dBD-RjUL |
||
| 041 | _aben | ||
| 082 |
_223 _a891.4409 _bBOB 1961 |
||
| 100 | 1 |
_aবন্দোপাধ্যায়, কনক _9126039 |
|
| 245 | 1 | 0 |
_aবাঙ্গলা সাহিত্যের ইতিহাস / _cকনক বন্দোপাধ্যায় |
| 260 |
_aকলিকাতা : _bমূখার্জী এন্ড সন্স, _c১৯৬১ [১৩৬৮] |
||
| 300 |
_a৫৭৪ পৃ. ; _c২১ সেমি. |
||
| 650 |
_aবাংলা সাহিত্য _xইতিহাস ও সমালোচনা _9148309 |
||
| 650 |
_aBengali Literature _xHistory and criticism _9148310 |
||
| 942 |
_2ddc _cBK |
||
| 999 |
_c49405 _d49405 |
||